Statistics for Largest Cities In Nebraska

Click here to take the quiz!

General Stats

  • This quiz has been taken 46 times
  • The average score is 6 of 10

Answer Stats

Pop.City% Correct
284,736Lincoln
97%
466,893Omaha
97%
51,390Grand Island
71%
53,424Bellevue
65%
33,835Kearney
56%
23,888North Platte
44%
24,989Hastings
41%
24,434Norfolk
35%
23,128Columbus
32%
26,457Fremont
24%

Score Distribution

Percentile by Number Answered

Percent of People with Each Score

Your Score History

You have not taken this quiz